| 000 | 00737nam a2200253 4500 | ||
|---|---|---|---|
| 003 | OSt | ||
| 005 | 20260601171006.0 | ||
| 008 | 260507b1974\\\\cc\|||||\||||\00|\0\spa\d | ||
| 040 |
_aICI _bspa _cICI |
||
| 041 | _aspa | ||
| 050 |
_aB809.8 _bM3544 1974 |
||
| 100 | 1 |
_aMao, Tsentung, _eautor _932217 |
|
| 245 | 1 | _aCinco Tesis Fiolosóficas de Mao Tsetung / | |
| 264 |
_aPekin : _bEditorial del Pueblo, _c1974 |
||
| 300 | _a288 páginas | ||
| 336 |
_atexto _2rdacontent |
||
| 337 |
_asin medio _2rdamedia |
||
| 338 |
_avolumen _2rdacarrier |
||
| 500 | _aReimpresiones: (2a, 1974) | ||
| 650 |
_aComunismo _zChina _932218 |
||
| 650 |
_aMaterialismo dialéctico _924516 |
||
| 651 |
_aChina _xPolítica y gobierno _932219 |
||
| 942 |
_2lcc _cB _n1 |
||
| 999 |
_c20271 _d20271 |
||